LIBRARY & INFORMATION CENTRE, KCAET, TAVANUR

ONLINE PUBLIC ACCESS CATALOGUE (OPAC)

Short History of the Christian Church / (Record no. 11902)

MARC details
000 -LEADER
fixed length control field 00355cam a2200145ua 4500
041 ## - LANGUAGE CODE
Language code of text/sound track or separate title eng
082 ## - DEWEY DECIMAL CLASSIFICATION NUMBER
Classification number 260.09
Item number CLA/SH
100 ## - MAIN ENTRY--AUTHOR NAME
Personal name Clarl, C.P.S .
245 ## - TITLE STATEMENT
Title Short History of the Christian Church /
260 ## - PUBLICATION, DISTRIBUTION, ETC. (IMPRINT)
Place of publication :
Name of publisher Longman ,
Year of publication 1963.
300 ## - PHYSICAL DESCRIPTION
Number of Pages 550 ; .
942 ## - ADDED ENTRY ELEMENTS (KOHA)
Koha item type Books
Holdings
Withdrawn status Lost status Damaged status Home library Current library Date acquired Cost, normal purchase price Full call number Accession Number Koha item type Public note
Withdrawn     KAUAET Sanskrit University 07/04/2012 22.60 260.09 6593 Books Transferred to Sanskrit University
free website counter